75 Years 75 Films/ (Record no. 199266)

MARC details
000 -LEADER
fixed length control field 00592nam a2200193 4500
005 - DATE AND TIME OF LATEST TRANSACTION
control field 20231128143205.0
010 ## - LCCN (DPL NO)
LC control number ENG-138459
020 ## - INTERNATIONAL STANDARD BOOK NUMBER
International Standard Book Number 9789354098208
Terms of availability 820.00
035 ## - SYSTEM CONTROL NUMBER
System control number EN-121991
037 ## - SOURCE OF ACQUISITION
Source of stock number/acquisition DBAD/PUB
082 ## - DEWEY DECIMAL CLASSIFICATION NUMBER
Classification number 791.430954
Edition number First
100 ## - MAIN ENTRY--PERSONAL NAME
Personal name Nag, Amitava
245 ## - TITLE STATEMENT
Title 75 Years 75 Films/
Statement of responsibility, etc By Amitava Nag
250 ## - EDITION STATEMENT
Edition statement First
260 ## - PUBLICATION, DISTRIBUTION, ETC. (IMPRINT)
Place of publication, distribution, etc New Delhi
Name of publisher, distributor, etc The Director General Publication Divisions
Date of publication, distribution, etc 2023
270 ## - ADDRESS
Address Soochna Bhawan, CGO Complex, Lodhi Road
City New Delhi
Postal code 110003
300 ## - PHYSICAL DESCRIPTION
Extent 240p.
Dimensions 28cm(pbk)
942 ## - ADDED ENTRY ELEMENTS (KOHA)
Source of classification or shelving scheme Dewey Decimal Classification
Item type English Books
Classification part 791.430954
Call number suffix YEA
Holdings
Withdrawn status Lost status Not for loan Collection code Home library Current library Date acquired Source of acquisition Cost, normal purchase price Full call number Barcode Copy number Cost, replacement price Koha item type
      Non-fiction Vinoba Puri Vinoba Puri 28/11/2023 DBAD/PUB 820.00 791.430954 YEA EN-121991 1 820.00 English Books

© Delhi Public Library
Hit Counter
free hit counter